00410pab a2200133 454500008004000000100001700040245010800057260000900165300001400174362000800188650002400196700002100220773003500241180718b2003 xxu||||| |||| 00| 0 eng d aKing, Damien aThe welfare effects of balance of payments reform: a macro-micro simulation of the cost of rent-seeking c2003 ap.101-28. aFeb aBalance of payments aHanda, Sudhanshu aJournal of Development Studies